Disney Anagrams - Statistics

General Stats
  • This quiz has been taken 31 times
  • The average score is 9 of 35
Answer Stats
Hint Answer % Correct
Hinge Kin Lot The Lion King
88%
Sooty Try Toy Story
56%
Dad Nail Aladdin
52%
Reel Such Hercules
48%
Hammered Lite Tilt The Little Mermaid
48%
Pear Pent Peter Pan
44%
Banks Bonded Broomsticks Bedknobs And Broomsticks
40%
Main Prop Spy Mary Poppins
40%
Catnap Shoo Pocahontas
36%
Ahead Neatest Tubby Beauty And The Beast
28%
Chip Coo In Pinocchio
28%
Bent Ghoul Joke The Jungle Book
28%
Barb Or Three Brother Bear
24%
Buttock Forehead Henchman The Hunchback Of Notre Dame
24%
Reanimate Sloth Spittle Atlantis The Lost Empire
20%
Me Nae Tell Elemental
20%
So Tide Uni Inside Out
20%
Alternate Purse Treasure Planet
20%
Can He Tend Enchanted
16%
Afraid Fry Key Freaky Friday
16%
Nod Raw Onward
16%
Bird No Ooh Robin Hood
16%
Nuts Underscored Where The Rescuers Down Under
16%
Calendar Loin Widen Alice In Wonderland
12%
Enough Fleet Jogger George Of The Jungle
12%
Gel Juice Runs Jungle Cruise
12%
Alight Rye Lightyear
12%
Arousal Entertain National Treasure
12%
Ashtray Donate Garland Raya And The Last Dragon
12%
Birthed Silence The Incredibles
12%
Hotshot Resented Win The Sword In The Stone
12%
Jot Rancher John Carter
8%
Coachman Routine Twit Race To Witch Mountain
8%
Panther Patter The Parent Trap
8%
Otters Perchance Reprise The Sorcerer's Apprentice
8%
No matching quizzes found
Score Distribution
Percent of People with Each Score
Percentile by Number Answered
Your Score History
You have not taken this quiz